| 000 -LEADER |
| fixed length control field |
00487nam a22001937a 4500 |
| 008 - FIXED-LENGTH DATA ELEMENTS--GENERAL INFORMATION |
| fixed length control field |
150701b xxu||||| |||| 00| 0 alb d |
| 020 ## - INTERNATIONAL STANDARD BOOK NUMBER |
| International Standard Book Number |
9789951635134 |
| 041 0# - LANGUAGE CODE |
| Language code of text/sound track or separate title |
alb |
| 080 ## - UNIVERSAL DECIMAL CLASSIFICATION NUMBER |
| Universal Decimal Classification number |
070 |
| 100 ## - Rafti |
| Rafti |
Kosumi, Bajram; |
| 245 ## - TITLE STATEMENT |
| Title |
Tipologji dhe zhanër / |
| Statement of responsibility, etc |
Bajram Kosumi. |
| 260 ## - |
| -- |
Prishtinë : |
| -- |
OLYMP ; |
| -- |
2013. |
| 300 ## - |
| -- |
180 f.: |
| -- |
me il.; |
| -- |
22 cm. |
| 500 ## - |
| -- |
Parathënie: f. 5-7 |
| 650 #0 - |
| -- |
Gazetaria |
| 650 #0 - |
| -- |
Shkrimi |
| 650 #0 - |
| -- |
Komunikimi |
| 942 ## - ADDED ENTRY ELEMENTS (KOHA) |
| Source of classification or shelving scheme |
|
| Item type |
Books |